Masked Singer USA Celebrities - Sudden Death - Statistics

General Stats
  • This quiz has been taken 20 times
  • The average score is 5 of 11
Answers on the Grid
Answers color-coded by a green-red scale on the quiz's grid according to % correct below.
T-Pain
Kristen Schaal
Paul McCartney
Lou Diamond Phillips
Paula Cole
Maynard James Keenan
Mario
Gabriel Iglesias
Kermit the Frog
Scott Porter
Lisa Vanderpump
Tone Loc
Daryl Hall
Trevor Horn
Tamera-Mowry Housley
Andrew "Andy" Lawrence
Kat Graham
Phillip Phillips
Debby Ryan
Billy Ray Cyrus
 
Answer Stats
Answer % Correct
T-Pain
89%
Lou Diamond Phillips
78%
Kermit the Frog
56%
Scott Porter
56%
Tone Loc
56%
Billy Ray Cyrus
44%
Mario
44%
Phillip Phillips
44%
Kat Graham
22%
Paula Cole
22%
Tamera-Mowry Housley
22%
No matching quizzes found
Score Distribution
Percent of People with Each Score
Percentile by Number Answered
Your Score History
You have not taken this quiz